This hotel is haunted! / (Record no. 433)

MARC details
000 -LEADER
fixed length control field 02176nam a22004697a 4500
001 - CONTROL NUMBER
control field 433
003 - CONTROL NUMBER IDENTIFIER
control field FISKH
005 - DATE AND TIME OF LATEST TRANSACTION
control field 20230926135926.0
008 - FIXED-LENGTH DATA ELEMENTS--GENERAL INFORMATION
fixed length control field 230420b cb ||||| |||| 00| 0 eng d
020 ## - INTERNATIONAL STANDARD BOOK NUMBER
International Standard Book Number 9780545341028
040 ## - CATALOGING SOURCE
Original cataloging agency TOH
Transcribing agency TOH
Modifying agency BTCTA
-- BDX
-- M$K
-- JBL
-- IHI
-- NVQ
-- DLC
-- DLC
-- FISKH
Language of cataloging eng
041 1# - LANGUAGE CODE
Language code of text/sound track or separate title eng
Language code of original ita
042 ## - AUTHENTICATION CODE
Authentication code lccopycat
050 00 - LIBRARY OF CONGRESS CALL NUMBER
Classification number PZ7
Item number .T356544 2012
082 00 - DEWEY DECIMAL CLASSIFICATION NUMBER
Classification number 853.92
Edition number 23
100 1# - MAIN ENTRY--PERSONAL NAME
Personal name Dami, Elisabetta
245 10 - TITLE STATEMENT
Title This hotel is haunted! /
Statement of responsibility, etc. [text by] Geronimo Stilton ; [illustrations by Valeria Turati ; translated by Julia Heim].
260 ## - PUBLICATION, DISTRIBUTION, ETC.
Place of publication, distribution, etc. New York :
Name of publisher, distributor, etc. Scholastic,
Date of publication, distribution, etc. c2012.
300 ## - PHYSICAL DESCRIPTION
Extent 109 p. :
Other physical details col. ill., maps ;
Dimensions 20 cm.
500 ## - GENERAL NOTE
General note English translation of Lo strano caso del Fantasma al Grand Hotel by Edizioni Piemme S.p.A., c2005.
505 ## - FORMATTED CONTENTS NOTE
Formatted contents note K
520 ## - SUMMARY, ETC.
Summary, etc. "My friend Hercule Poirat and I were called to investigate mysterious events at the famouse Grand Hotel in New Mouse City. There was a ghost haunting the hotel and scaring guests! It was wearing clanking armor and carrying a ball and chain. I know that ghosts don't exist, but this was pretty spooky. Would Poirat and I be able to solve the mystery of the haunted hotel?"--P. [4] of cover.
521 0# - TARGET AUDIENCE NOTE
Target audience note 570 <br/>
Source Lexile
521 1# - TARGET AUDIENCE NOTE
Target audience note K <br/>
Source Raz-Plus
600 10 - SUBJECT ADDED ENTRY--PERSONAL NAME
Personal name Stilton, Geronimo
Form subdivision Juvenile fiction.
600 11 - SUBJECT ADDED ENTRY--PERSONAL NAME
Personal name Stilton, Geronimo
Form subdivision Fiction.
650 #0 - SUBJECT ADDED ENTRY--TOPICAL TERM
Topical term or geographic name entry element Mice
Form subdivision Juvenile fiction.
650 #0 - SUBJECT ADDED ENTRY--TOPICAL TERM
Topical term or geographic name entry element Ghost stories.
650 #0 - SUBJECT ADDED ENTRY--TOPICAL TERM
Topical term or geographic name entry element Haunted hotels
Form subdivision Juvenile fiction.
650 #1 - SUBJECT ADDED ENTRY--TOPICAL TERM
Topical term or geographic name entry element Mice
Form subdivision Fiction.
650 #1 - SUBJECT ADDED ENTRY--TOPICAL TERM
Topical term or geographic name entry element Ghosts
Form subdivision Fiction.
650 #1 - SUBJECT ADDED ENTRY--TOPICAL TERM
Topical term or geographic name entry element Haunted places
Form subdivision Fiction.
650 #7 - SUBJECT ADDED ENTRY--TOPICAL TERM
Topical term or geographic name entry element Humorous stories.
Source of heading or term gsafd
655 #7 - INDEX TERM--GENRE/FORM
Genre/form data or focus term Humorous fiction.
Source of term gsafd
700 1# - ADDED ENTRY--PERSONAL NAME
Personal name Turati, Valeria.
Relator term ill
700 1# - ADDED ENTRY--PERSONAL NAME
Personal name Heim, Julia.
856 42 - ELECTRONIC LOCATION AND ACCESS
Materials specified Contributor biographical information
Uniform Resource Identifier <a href="http://www.loc.gov/catdir/enhancements/fy1306/2012289592-b.html">http://www.loc.gov/catdir/enhancements/fy1306/2012289592-b.html</a>
856 42 - ELECTRONIC LOCATION AND ACCESS
Materials specified Publisher description
Uniform Resource Identifier <a href="http://www.loc.gov/catdir/enhancements/fy1306/2012289592-d.html">http://www.loc.gov/catdir/enhancements/fy1306/2012289592-d.html</a>
906 ## - LOCAL DATA ELEMENT F, LDF (RLIN)
a 7
b cbc
c copycat
d 2
e ncip
f 20
g y-gencatlg
942 ## - ADDED ENTRY ELEMENTS (KOHA)
Source of classification or shelving scheme Dewey Decimal Classification
Koha item type Books
Suppress in OPAC No
Holdings
Withdrawn status Lost status Source of classification or shelving scheme Damaged status Not for loan Collection Home library Current library Shelving location Date acquired Total Checkouts Full call number Barcode Date last seen Date last checked out Price effective from Koha item type
    Dewey Decimal Classification     Juvenile Fiction Footprints International School Library Network Toul Kork Campus Footprints International School Library Network Toul Kork Campus TK Primary Library Room(4th Floor), Bookcase 3&4, Shelves 17-32, Yellow Books 04/20/2023 4 DAM 853.92 PZ7.T356544 2023-0076 12/06/2024 09/20/2024 04/20/2023 Books